Transistor circuits / (Record no. 183395)
[ view plain ]
| 000 -LEADER | |
|---|---|
| fixed length control field | 01146 a2200193 4500 |
| 003 - CONTROL NUMBER IDENTIFIER | |
| control field | NUST |
| 005 - DATE AND TIME OF LATEST TRANSACTION | |
| control field | 20230804114343.0 |
| 040 ## - CATALOGING SOURCE | |
| Transcribing agency | Nust |
| 082 ## - DEWEY DECIMAL CLASSIFICATION NUMBER | |
| Classification number | 621.38412,CAT |
| 100 ## - MAIN ENTRY--PERSONAL NAME | |
| Personal name | Cattermole, Kenneth William |
| 9 (RLIN) | 113957 |
| 245 ## - TITLE STATEMENT | |
| Title | Transistor circuits / |
| Statement of responsibility, etc. | K. W. Cattermole |
| 250 ## - EDITION STATEMENT | |
| Edition statement | 2nd ed |
| 260 ## - PUBLICATION, DISTRIBUTION, ETC. | |
| Place of publication, distribution, etc. | Heywood Pub. Co.; distributed by Gordon and Breach |
| Name of publisher, distributor, etc. | New York, |
| Date of publication, distribution, etc. | 1965, c1964 |
| 300 ## - PHYSICAL DESCRIPTION | |
| Extent | xiv, 470 p.; |
| Other physical details | illus |
| Dimensions | 23 cm |
| 505 ## - FORMATTED CONTENTS NOTE | |
| Formatted contents note | Introduction (Page-1), Semiconductors (Page-6), Electrical Properties Of Transistors (Page-24), Elements Of Transistor Circuits (Page-43), Single Stage Amplifiers (Page-52), Multi Stage Amplifiers (Page-82), Power Amplifiers (Page-112), High Frequency Amplifiers (Page-139), Supplies And Bias Stabilization (Page-201), Negative Resistance (Page-217), Binary Circuits (Page-234), Waveform Generation (Page-271), Counting And Timing (Page-322), Modulation, Detection And Frequency Changing (Page-352), Measurement Of Transistor Properties (Page-368), Fields Of Application (Page-378). |
| 600 ## - SUBJECT ADDED ENTRY--PERSONAL NAME | |
| Personal name | Cattermole, Kenneth William |
| 9 (RLIN) | 113957 |
| 650 ## - SUBJECT ADDED ENTRY--TOPICAL TERM | |
| Topical term or geographic name entry element | Transistor circuits |
| 942 ## - ADDED ENTRY ELEMENTS (KOHA) | |
| Source of classification or shelving scheme | |
| Koha item type | Book |
| Call number prefix | 621.38412,CAT |
| Withdrawn status | Lost status | Source of classification or shelving scheme | Damaged status | Not for loan | Permanent Location | Current Location | Shelving location | Date acquired | Full call number | Barcode | Date last seen | Price effective from | Koha item type | Public note |
|---|---|---|---|---|---|---|---|---|---|---|---|---|---|---|
| Military College of Signals (MCS) | Military College of Signals (MCS) | General Stacks | 12/12/2016 | 621.38412,CAT | MCS21606 | 12/08/2016 | 12/12/2016 | Book | Almirah No.84, Shelf No.2 | |||||
| Military College of Signals (MCS) | Military College of Signals (MCS) | General Stacks | 12/12/2016 | 621.38412,CAT | MCS21607 | 12/08/2016 | 12/12/2016 | Book | Almirah No.84, Shelf No.2 | |||||
| Military College of Signals (MCS) | Military College of Signals (MCS) | General Stacks | 12/12/2016 | 621.38412,CAT | MCS21688 | 12/08/2016 | 12/12/2016 | Book | Almirah No.84, Shelf No.2 |
